00505pab a2200169 454500008004000000100001800040245004900058260000900107300001300116362001100129650002300140773003400163908000600197909001000203999001700213952010500230180718b2011 xxu||||| |||| 00| 0 eng d aSankar, Deepa aEducation sector grants: Misplaced criticism c2011 ap.80-82. a23 Apr aEducational grants aEconomic and Political Weekly aN a91315 c91315d91315 00104070aIIPAbIIPAd2018-07-19hVolume no: 46, Issue no: 17pAR91775r2018-07-19w2018-07-19yAR